Liberální ekonomie kořeny euroamerické civilizace
Saved in:
| Other Authors: | |
|---|---|
| Format: | Book |
| Language: | Czech English |
| Published: |
Praha
Prostor
1993
|
| Edition: | 1. vyd. |
| Series: | Střed
svazek 2 |
| Online Access: | View in OPAC |
| Tags: |
No Tags, Be the first to tag this record!
|
MARC
| LEADER | 00000nam a2200000 a 4500 | ||
|---|---|---|---|
| 005 | 20260127134115.0 | ||
| 008 | 000507s1993 xr gr 000 m cze c | ||
| 020 | |a 8085190214 |c 83.00 SK | ||
| 035 | |a vtls008444789 | ||
| 035 | |a SAVUKc017234 | ||
| 039 | 9 | |a 201712041034 |b AUTHORITY |c 201712041018 |d AUTHORITY |c 200902171147 |d mschk03 |y 200602022258 |z VLOAD | |
| 040 | |a SAVUK |b slo |c SNK |S TUSCHK1 |e AACR2 | ||
| 041 | 1 | |a cze |h eng | |
| 044 | |a xr |c CZ | ||
| 080 | |a 330.8 | ||
| 245 | 1 | 0 | |a Liberální ekonomie |b kořeny euroamerické civilizace |c uspořádal a přeložil Tomáš Ježek |
| 250 | |a 1. vyd. | ||
| 260 | |a Praha |b Prostor |c 1993 | ||
| 300 | |a 239 s. |b Lit. | ||
| 490 | 1 | |a Střed |v svazek 2 | |
| 700 | 1 | |a Ježek, Tomáš, |d 1940-2017 |4 com |9 445 | |
| 830 | 0 | |a Střed |v svazek 2 | |
| 910 | |a savuk | ||
| 910 | |a SCHK95 | ||
| 919 | |a 80-85190-21-4 | ||
| 999 | |c 4227 |d 4227 | ||
| 942 | 0 | 0 | |0 1 |